000 00679nam a22002177a 4500
005 20170124110227.0
010 _aB-148556
020 _c00.00
_a007058351
035 _aB-148556
037 _bCen Lib/Ret
040 _aDPL
_bEN
082 _a158.1
_bKAN
100 _aKandula, Srinivas R
_940974
245 _aYou can fail :
_cby Srinivas R Kandula
_bcoping with failure getting ahead /
260 _aNew Delhi
_bTata McGraw-Hill
_c2004
270 _a7 West Patel Nagar
_bNew Delhi
_e110008
300 _axv,275p.
_c21cm(Hb)
650 _aSelf--Centric failures
_940975
650 _aRelationship--Centric failures
_940976
942 _2ddc
_cEN
_h158.1
_mKAN
999 _c134523
_d134523